[Event "National Club ch."]
[Site "?"]
[Date "1978.01.15"]
[Round "?"]
[White "Stebbings, A."]
[Black "James, G."]
[Result "1/2-1/2"]
[WhiteElo "2168"]
[BlackElo "2240"]
[PlyCount "33"]
[EventDate "1978.??.??"]

1. d4 Nf6 2. c4 g6 3. Nc3 d5 4. Bf4 Bg7 5. Rc1 c6 6. e3 O-O 7. Nf3 dxc4 8. Bxc4
Nbd7 9. h3 Nb6 10. Bb3 Nfd5 11. Be5 Be6 12. Bxg7 Nxc3 13. Rxc3 Bxb3 14. Qxb3
Kxg7 15. e4 Qd6 16. O-O Rfd8 17. Rd1 1/2-1/2

[Event "Eastman cup"]
[Site "London"]
[Date "1978.01.19"]
[Round "?"]
[White "Stebbings, A."]
[Black "Lee, P."]
[Result "1-0"]
[WhiteElo "2168"]
[BlackElo "2176"]
[PlyCount "37"]
[EventDate "1978.??.??"]

1. e4 c5 2. Nf3 e6 3. d4 cxd4 4. Nxd4 Nc6 5. Nc3 Qc7 6. Be3 a6 7. Bd3 Nf6 8.
Nb3 Bb4 9. f4 O-O 10. O-O Ne7 11. Na4 Ng6 12. Nb6 Rb8 13. e5 Nd5 14. Nxd5 exd5
15. Qh5 Be7 16. f5 Nxe5 17. f6 g6 18. Qg5 Bd8 19. Bd4 1-0

[Event "London league"]
[Site "?"]
[Date "1978.01.24"]
[Round "?"]
[White "Botley, G."]
[Black "Stebbings, A."]
[Result "0-1"]
[WhiteElo "2160"]
[BlackElo "2168"]
[PlyCount "46"]
[EventDate "1978.??.??"]

1. c4 Nf6 2. Nc3 d5 3. cxd5 Nxd5 4. g3 c5 5. Bg2 Nc7 6. Nf3 Nc6 7. O-O e5 8. d3
Be7 9. Nd2 Bd7 10. Nc4 O-O 11. Bxc6 Bxc6 12. Nxe5 Be8 13. f4 Bf6 14. Nf3 Bc6
15. Ne4 Bd4+ 16. e3 f5 17. Nc3 Bf6 18. Qe2 Re8 19. Bd2 Ne6 20. Ne5 Bxe5 21.
fxe5 g6 22. Rad1 Ng5 23. d4 Nh3# 0-1

[Event "Essex league"]
[Site "?"]
[Date "1978.01.30"]
[Round "?"]
[White "Rumsey, V."]
[Black "Stebbings, A."]
[Result "0-1"]
[WhiteElo "1936"]
[BlackElo "2168"]
[PlyCount "46"]
[EventDate "1978.??.??"]

1. e4 c5 2. Nf3 Nc6 3. d4 cxd4 4. Nxd4 Qc7 5. Nb5 Qb8 6. c4 Nf6 7. N1c3 e6 8.
Bg5 a6 9. Na3 Bb4 10. Bd3 Qe5 11. Bd2 Qd4 12. Qe2 Ne5 13. Bb1 Bxa3 14. bxa3
Nxc4 15. Bd3 Nxd2 16. Qxd2 O-O 17. O-O d6 18. Rac1 b5 19. Qe2 Bb7 20. Rfd1 Qb6
21. e5 dxe5 22. Qxe5 Qxf2+ 23. Kxf2 Ng4+ 0-1

[Event "County match"]
[Site "?"]
[Date "1978.02.04"]
[Round "?"]
[White "Stebbings, A."]
[Black "Walton, J."]
[Result "1-0"]
[WhiteElo "2168"]
[BlackElo "2000"]
[PlyCount "80"]
[EventDate "1978.??.??"]

1. d4 f5 2. Bg5 Nf6 3. Bxf6 exf6 4. e3 d5 5. c4 Be6 6. Qb3 Nc6 7. Nc3 Bb4 8. a3
Bxc3+ 9. Qxc3 f4 10. e4 Qe7 11. O-O-O dxe4 12. d5 Bg4 13. f3 Ne5 14. fxg4 Nxg4
15. Nh3 O-O-O 16. Re1 g5 17. Qd4 Rhe8 18. Qxa7 b6 19. Qa8+ Kd7 20. Qc6+ Kc8 21.
Qa8+ Kd7 22. Qc6+ Kc8 23. Bd3 Ne3 24. Qa8+ Kd7 25. Qa4+ Kc8 26. Qa8+ Kd7 27.
Qc6+ Kc8 28. Bc2 Nxc2 29. Qa8+ Kd7 30. Qc6+ Kc8 31. Qa8+ Kd7 32. Qa4+ Kc8 33.
Qxc2 f5 34. Rhf1 h6 35. Kb1 Qe5 36. Qe2 e3 37. Rc1 Kb7 38. Rc3 Qe4+ 39. Ka1 Rd6
40. Rc2 Kb8 1-0

[Event "Essex league"]
[Site "?"]
[Date "1978.02.13"]
[Round "?"]
[White "Warren, K."]
[Black "Stebbings, A."]
[Result "0-1"]
[WhiteElo "1936"]
[BlackElo "2168"]
[PlyCount "118"]
[EventDate "1978.??.??"]

1. c4 Nf6 2. Nc3 d5 3. cxd5 Nxd5 4. g3 c5 5. Bg2 Nc7 6. Nf3 Nc6 7. O-O e5 8. d3
Be7 9. Bd2 O-O 10. Qc1 f6 11. Ne4 b6 12. a3 Bb7 13. Rb1 Kh8 14. g4 Qd7 15. h3
Nd5 16. Ng3 Rfe8 17. Nf5 Bf8 18. N3h4 Rac8 19. Be4 g6 20. Ng3 Be7 21. Bc3 Nf4
22. Kh2 Nd4 23. Bxb7 Qxb7 24. Bxd4 cxd4 25. Qd2 Qd5 26. Nf3 Rc7 27. Rbc1 Rec8
28. Rxc7 Rxc7 29. Ne4 Kg7 30. Rd1 a6 31. e3 Ne6 32. Ne1 Nc5 33. Nxc5 dxe3 34.
Ne6+ Qxe6 35. fxe3 e4 36. d4 Qd5 37. Rc1 Bd6+ 38. Kg1 h5 39. Rxc7+ Bxc7 40. Qb4
Kf7 41. b3 hxg4 42. hxg4 Qd7 43. Qc4+ Kg7 44. Ng2 Bg3 45. g5 Qh3 46. gxf6+ Kh6
47. f7 Qh2+ 48. Kf1 Qh1+ 49. Ke2 Qxg2+ 50. Kd1 Qf3+ 51. Kc2 Kg7 52. Qxa6 Qxf7
53. Qxb6 Qf2+ 54. Kc3 Qxe3+ 55. Kb4 Qd2+ 56. Ka4 e3 57. Qb7+ Kh6 58. Qh1+ Qh2
59. Qa8 Bb8 0-1

[Event "London league"]
[Site "?"]
[Date "1978.02.16"]
[Round "?"]
[White "Dickson, G."]
[Black "Stebbings, A."]
[Result "1/2-1/2"]
[WhiteElo "2200"]
[BlackElo "2168"]
[PlyCount "109"]
[EventDate "1978.??.??"]

1. d4 Nf6 2. c4 g6 3. Nc3 d5 4. cxd5 Nxd5 5. e4 Nxc3 6. bxc3 Bg7 7. Bc4 c5 8.
Ne2 Nc6 9. Be3 O-O 10. O-O Qc7 11. Rc1 Rd8 12. Qa4 Na5 13. Bf4 e5 14. Bg5 Rf8
15. Bd5 Bd7 16. Qa3 Bb5 17. c4 Ba6 18. Bd2 Nc6 19. dxc5 Rfc8 20. Rfd1 Bf8 21.
Be3 Na5 22. Bd2 Nc6 23. Be3 Na5 24. Qa4 Bxc5 25. Bxc5 Qxc5 26. Bxf7+ Kxf7 27.
Rd5 Qb6 28. Rxa5 Bxc4 29. Qd7+ Kf6 30. Rd5 Rd8 31. Qg4 Bxd5 32. exd5 Kg7 33.
Qg5 Rxd5 34. Nf4 Rf8 35. g3 Rd7 36. Qxe5+ Kg8 37. Qe2 Qf6 38. h4 Rfd8 39. Rc2
Qe7 40. Qc4+ Qf7 41. Qb4 Rd1+ 42. Kg2 b6 43. Re2 Qb7+ 44. f3 Qd7 45. Qb3+ Qf7
46. Qb4 Qd7 47. Qb3+ Qf7 48. Qb4 R1d4 49. Qc3 Qc4 50. Qe3 R4d7 51. h5 gxh5 52.
Qe5 Qf7 53. Nxh5 Rd2 54. Nf6+ Kf8 55. Nd7+ 1/2-1/2

[Event "County match"]
[Site "?"]
[Date "1978.02.25"]
[Round "?"]
[White "Stebbings, A."]
[Black "MilnerBarry, P."]
[Result "1-0"]
[WhiteElo "2168"]
[BlackElo "2216"]
[PlyCount "82"]
[EventDate "1978.??.??"]

1. d4 Nf6 2. c4 e6 3. Nc3 Bb4 4. e3 b6 5. Nge2 Ba6 6. Ng3 O-O 7. e4 d6 8. Bd2
Nc6 9. a3 Bxc3 10. Bxc3 e5 11. d5 Ne7 12. c5 Bxf1 13. cxd6 cxd6 14. Rxf1 Ng6
15. f3 Qc7 16. Rf2 Qc4 17. Qe2 Qxe2+ 18. Kxe2 a5 19. Ke3 Rfc8 20. Rc2 Ra7 21.
Rac1 Rac7 22. Nf5 Ne8 23. g3 Kf8 24. Kd3 Ne7 25. Ne3 f5 26. Bd2 Rxc2 27. Rxc2
fxe4+ 28. fxe4 Rxc2 29. Kxc2 Nf6 30. Kd3 Nc8 31. Nd1 Ke8 32. Be3 Kd7 33. Nc3
Kc7 34. Nb5+ Kb7 35. b3 Ne8 36. Bg5 Nc7 37. Nxc7 Kxc7 38. Kc4 Na7 39. a4 Nc8
40. Kb5 h6 41. Be3 Kb7 1-0

[Event "Essex league"]
[Site "?"]
[Date "1978.02.27"]
[Round "?"]
[White "Stebbings, A."]
[Black "Smith, IB."]
[Result "1-0"]
[WhiteElo "2168"]
[BlackElo "2096"]
[PlyCount "69"]
[EventDate "1978.??.??"]

1. d4 Nf6 2. c4 g6 3. Nc3 Bg7 4. e4 d6 5. f3 O-O 6. Be3 e5 7. Nge2 c6 8. Qd2
Nbd7 9. O-O-O a6 10. Kb1 b5 11. Nc1 Bb7 12. dxe5 dxe5 13. g4 Bc8 14. Qd6 b4 15.
Qxb4 Re8 16. Qd6 Re6 17. Qd2 Bf8 18. h4 Bb4 19. a3 Rd6 20. Qc2 Rxd1 21. Nxd1
Bc5 22. Nb3 Bxe3 23. Nxe3 Rb8 24. c5 Nf8 25. Bc4 Ne6 26. Qc3 Nd7 27. h5 Qe7 28.
hxg6 hxg6 29. Bxe6 Qxe6 30. Na5 Rb5 31. Nac4 Rxc5 32. Qd2 Qf6 33. Qh2 Nf8 34.
Nd6 Be6 35. Ne8 1-0

[Event "London league"]
[Site "?"]
[Date "1978.03.01"]
[Round "?"]
[White "Stebbings, A."]
[Black "Prizant, M."]
[Result "1-0"]
[WhiteElo "2168"]
[BlackElo "2184"]
[PlyCount "120"]
[EventDate "1978.??.??"]

1. e4 c5 2. Nf3 d6 3. d4 cxd4 4. Nxd4 Nf6 5. Nc3 g6 6. Be2 Bg7 7. O-O Nc6 8.
Nb3 a5 9. a4 Be6 10. f4 Qc8 11. Nd5 Nd7 12. Bb5 Qd8 13. Re1 O-O 14. c3 Nf6 15.
Be3 Bxd5 16. exd5 Nb8 17. Kh1 Nbd7 18. Bxd7 Qxd7 19. Qd3 Qc7 20. Nd2 Rac8 21.
Bd4 Ng4 22. Re2 Bxd4 23. Qxd4 Nh6 24. Rae1 Nf5 25. Qf2 Qc5 26. Qxc5 Rxc5 27. c4
h5 28. g3 Rc7 29. b3 Re8 30. Re4 Kf8 31. Nb1 Rd7 32. Na3 Rc8 33. Nb5 Ng7 34.
Nd4 Nf5 35. Nf3 f6 36. Kg2 Kf7 37. h3 Rh8 38. Kf2 Nh6 39. R4e2 Ke8 40. Rg1 Kf7
41. g4 hxg4 42. hxg4 Rdd8 43. Kg3 Ke8 44. Rge1 Rd7 45. Rh2 Nf7 46. Rxh8+ Nxh8
47. Rh1 Nf7 48. Nd4 Kf8 49. Ne6+ Kg8 50. Kf3 Nd8 51. Rh6 Kf7 52. Rh7+ Kg8 53.
Rg7+ Kh8 54. Rxg6 Nf7 55. Ke4 b6 56. Kf5 Rb7 57. g5 fxg5 58. fxg5 Ne5 59. Rh6+
Kg8 60. g6 Rb8 1-0

[Event "Essex league"]
[Site "?"]
[Date "1978.03.08"]
[Round "?"]
[White "Stebbings, A."]
[Black "Hayes, G."]
[Result "1-0"]
[WhiteElo "2168"]
[BlackElo "2192"]
[PlyCount "27"]
[EventDate "1978.??.??"]

1. e4 e6 2. d4 d5 3. Nc3 Nf6 4. Bg5 Bb4 5. e5 h6 6. Be3 Nfd7 7. Qg4 Bf8 8. f4
g6 9. Bd3 c5 10. Bxg6 Nf6 11. exf6 Rg8 12. Bxf7+ Kxf7 13. Qh5+ Rg6 14. Nf3 1-0

[Event "County match"]
[Site "?"]
[Date "1978.03.11"]
[Round "?"]
[White "Newman, R."]
[Black "Stebbings, A."]
[Result "0-1"]
[WhiteElo "2192"]
[BlackElo "2168"]
[PlyCount "50"]
[EventDate "1978.??.??"]

1. e4 c5 2. Nf3 e6 3. d4 cxd4 4. Nxd4 Nc6 5. Nc3 a6 6. Be2 Qc7 7. O-O Nf6 8.
Be3 Bb4 9. Na4 O-O 10. c4 Bd6 11. f4 Nxe4 12. Bf3 Bxf4 13. Bxf4 Qxf4 14. Qd3
Qd2 15. Bxe4 Qxd3 16. Bxd3 Nxd4 17. Nb6 Rb8 18. Rad1 e5 19. c5 d6 20. cxd6 Be6
21. Rfe1 f6 22. Bb1 Bg4 23. Rd2 Rfd8 24. h3 Bc8 25. Rc1 Be6 0-1

[Event "London league"]
[Site "?"]
[Date "1978.03.29"]
[Round "?"]
[White "Hodgson, JM."]
[Black "Stebbings, A."]
[Result "1-0"]
[WhiteElo "2200"]
[BlackElo "2168"]
[PlyCount "123"]
[EventDate "1978.??.??"]

1. e4 c5 2. f4 e6 3. Nf3 a6 4. Be2 Nc6 5. O-O d5 6. d3 Nf6 7. e5 Nd7 8. Qe1 f5
9. exf6 Nxf6 10. Qg3 Qc7 11. c4 Bd6 12. Nc3 O-O 13. Qg5 dxc4 14. dxc4 e5 15.
fxe5 Nxe5 16. Nxe5 Bxe5 17. Bf4 Bxf4 18. Rxf4 Be6 19. Raf1 Kh8 20. Ne4 Nd7 21.
Rxf8+ Nxf8 22. Qxc5 Qd8 23. Nd6 b6 24. Qe5 Ra7 25. Bh5 Rd7 26. Ne8 Qe7 27. Nxg7
Qxg7 28. Rxf8+ Bg8 29. Qxg7+ Kxg7 30. Rb8 Bxc4 31. Rxb6 Rd2 32. a3 Bb5 33. b3
Rb2 34. Rb7+ Kh6 35. Bf7 Rxg2+ 36. Kxg2 Bc6+ 37. Kf2 Bxb7 38. Ke3 Kg5 39. Kd4
Bc8 40. Ke5 Kh4 41. b4 Kh3 42. Be6+ Bxe6 43. Kxe6 Kxh2 44. a4 h5 45. a5 h4 46.
b5 axb5 47. a6 b4 48. a7 b3 49. a8=Q h3 50. Qb8+ Kg2 51. Qb7+ Kg1 52. Qb6+ Kg2
53. Qc6+ Kg1 54. Qc5+ Kg2 55. Qd5+ Kg1 56. Qd4+ Kg2 57. Qe4+ Kg1 58. Qe3+ Kg2
59. Qe2+ Kg1 60. Qf3 h2 61. Qg3+ Kh1 62. Qf2 1-0

[Event "London league"]
[Site "?"]
[Date "1978.04.10"]
[Round "?"]
[White "Stebbings, A."]
[Black "Richardson, K."]
[Result "1/2-1/2"]
[WhiteElo "2168"]
[BlackElo "2280"]
[PlyCount "57"]
[EventDate "1978.??.??"]

1. d4 Nf6 2. c4 g6 3. Nc3 Bg7 4. e4 O-O 5. Be3 d6 6. f3 Nc6 7. Nge2 a6 8. Nc1
e5 9. Nb3 exd4 10. Nxd4 Re8 11. Be2 Bd7 12. Qd2 b5 13. Nxc6 Bxc6 14. O-O Qb8
15. Rac1 Qb7 16. Rfd1 Rad8 17. Nd5 bxc4 18. Bxc4 Nxd5 19. Bxd5 Bxd5 20. Qxd5
Qxd5 21. Rxd5 Bxb2 22. Rxc7 Re5 23. Rd2 Ba3 24. Ra7 Bc1 25. Re2 Bxe3+ 26. Rxe3
Ra5 27. Re2 d5 28. exd5 Rdxd5 29. h3 1/2-1/2

[Event "Essex league"]
[Site "?"]
[Date "1978.04.20"]
[Round "?"]
[White "Coleman, D."]
[Black "Stebbings, A."]
[Result "0-1"]
[WhiteElo "2064"]
[BlackElo "2168"]
[PlyCount "65"]
[EventDate "1978.??.??"]

1. e4 c5 2. Nf3 Nc6 3. d4 cxd4 4. Nxd4 Qc7 5. Nb5 Qb8 6. c4 Nf6 7. N5c3 e6 8.
Be2 Bc5 9. Nd2 O-O 10. O-O Rd8 11. Nb3 Be7 12. f4 d6 13. Bf3 b6 14. Qe2 Bb7 15.
Be3 Nb4 16. a3 Na6 17. Nd2 Nc5 18. b4 Ncd7 19. Rab1 Qc7 20. Nb5 Qb8 21. Rfc1 a6
22. Nd4 Qc7 23. N4b3 Bc6 24. Nd4 Bb7 25. Qf2 Rac8 26. N4b3 Bc6 27. Nd4 Ba8 28.
a4 g6 29. N4b3 a5 30. Nd4 axb4 31. Nb5 Qb8 32. a5 Nc5 33. axb6 0-1

[Event "Kent league"]
[Site "?"]
[Date "1978.04.23"]
[Round "?"]
[White "Stebbings, A."]
[Black "Woodcock, C."]
[Result "1/2-1/2"]
[WhiteElo "2168"]
[BlackElo "2232"]
[PlyCount "96"]
[EventDate "1978.??.??"]

1. e4 c5 2. Nf3 d6 3. d4 cxd4 4. Nxd4 Nf6 5. Nc3 g6 6. Be2 Bg7 7. O-O O-O 8.
Bg5 Nc6 9. Nb3 a5 10. a4 Be6 11. f4 Qc8 12. Bf3 Nb4 13. Nd4 Bc4 14. Rf2 Qc5 15.
Ndb5 Rfd8 16. Qc1 h6 17. Bh4 e5 18. fxe5 dxe5 19. Kh1 g5 20. Bg3 Nc6 21. Be2
Bxe2 22. Rxe2 Nd4 23. Rd2 Rd7 24. Qg1 Rad8 25. Rad1 Nh5 26. Bf2 Nf4 27. Be3 Qb4
28. g3 Nde2 29. Qe1 Nxc3 30. Nxc3 Rxd2 31. Rxd2 Rxd2 32. Qxd2 Ne6 33. b3 Nd4
34. Qd3 Qa3 35. Kg2 Qb2 36. Bxd4 exd4 37. Nd5 Qc1 38. Qc4 Qd2+ 39. Kg1 Qe1+ 40.
Kg2 Qxe4+ 41. Kg1 Qe1+ 42. Kg2 Qd2+ 43. Kg1 Qc1+ 44. Kg2 g4 45. Qc8+ Kh7 46.
Qf5+ Kg8 47. Qc8+ Kh7 48. Qf5+ Kg8 1/2-1/2

[Event "Middlesex Team ch."]
[Site "London"]
[Date "1978.04.29"]
[Round "?"]
[White "Stebbings, A."]
[Black "Banerjee, I."]
[Result "1-0"]
[WhiteElo "2168"]
[BlackElo "1560"]
[PlyCount "73"]
[EventDate "1978.??.??"]

1. d4 d5 2. c4 e6 3. Nc3 Nf6 4. cxd5 Nxd5 5. Nf3 Bb4 6. Bd2 Nc6 7. a3 Bxc3 8.
bxc3 b6 9. e4 Nde7 10. Bd3 Bb7 11. O-O Ng6 12. Re1 Nge5 13. Nxe5 Nxe5 14. Bb1
Ng6 15. e5 O-O 16. Qh5 f5 17. exf6 Qxf6 18. f3 Rad8 19. Ba2 Bd5 20. Bg5 Qf5 21.
Bb1 Qf7 22. Bxd8 Rxd8 23. Bd3 Bc6 24. Qg5 Rd5 25. Qe3 Bd7 26. c4 Rh5 27. Be4
Qf6 28. g3 Rg5 29. Kh1 Ne7 30. Rad1 Nf5 31. Qf4 Rh5 32. Qxc7 Qg5 33. Bxf5 Qxf5
34. Qd8+ Qf8 35. Qxd7 Qxf3+ 36. Kg1 Rf5 37. Qxe6+ 1-0

[Event "Middlesex Team ch."]
[Site "London"]
[Date "1978.04.30"]
[Round "?"]
[White "Bennett, T."]
[Black "Stebbings, A."]
[Result "1-0"]
[WhiteElo "2208"]
[BlackElo "2168"]
[PlyCount "69"]
[EventDate "1978.??.??"]

1. c4 Nf6 2. Nc3 d5 3. cxd5 Nxd5 4. g3 c5 5. Bg2 Nc7 6. Nf3 Nc6 7. d3 e5 8. O-O
Be7 9. Be3 O-O 10. Na4 b6 11. Rc1 f6 12. Ne1 Nd5 13. Bd2 Be6 14. a3 Qd7 15. Nc3
Rac8 16. Nc2 Nxc3 17. Bxc3 Bb3 18. Qe1 Nd4 19. Ne3 Be6 20. f4 exf4 21. Rxf4 f5
22. Nc2 Bg5 23. Nxd4 cxd4 24. Bd2 Bxf4 25. Bxf4 Rxc1 26. Qxc1 Rc8 27. Qd2 Qa4
28. Be5 h6 29. Kf2 Rc2 30. Qf4 Rxb2 31. Bxd4 Rc2 32. Qe5 Qd7 33. Bh3 Rc8 34.
Bg2 Re8 35. Bc6 1-0

[Event "Middlesex Team ch."]
[Site "London"]
[Date "1978.04.30"]
[Round "?"]
[White "Stebbings, A."]
[Black "Tucker, D."]
[Result "0-1"]
[WhiteElo "2168"]
[BlackElo "1984"]
[PlyCount "60"]
[EventDate "1978.??.??"]

1. e4 e6 2. d4 d5 3. Nc3 Bb4 4. e5 Ne7 5. a3 Bxc3+ 6. bxc3 c5 7. Qg4 Qc7 8.
Qxg7 Rg8 9. Qxh7 cxd4 10. Ne2 dxc3 11. f4 Nbc6 12. Qd3 Bd7 13. Rb1 Rc8 14. h4
Nf5 15. h5 Ke7 16. a4 a5 17. Ba3+ Nb4 18. Bxb4+ axb4 19. Rxb4 Qa5 20. Rxb7 Qxa4
21. Rh3 d4 22. Kf2 Qc6 23. Rb1 Qd5 24. Ng1 Bc6 25. Nf3 Rg4 26. g3 Rcg8 27. Ng5
Ne3 28. h6 Nxf1 29. Qxf1 R8xg5 30. fxg5 Qf3+ 0-1

[Event "County match"]
[Site "?"]
[Date "1978.05.06"]
[Round "?"]
[White "Short, N."]
[Black "Stebbings, A."]
[Result "1-0"]
[WhiteElo "2320"]
[BlackElo "2272"]
[PlyCount "80"]
[EventDate "1978.??.??"]

1. e4 c5 2. Nf3 e6 3. c3 Nf6 4. e5 Nd5 5. d4 cxd4 6. Qxd4 Nc6 7. Qe4 d6 8. c4
Nb6 9. exd6 Bxd6 10. a3 Nd7 11. Nc3 Nf6 12. Qc2 h6 13. h3 b6 14. Be3 Bb7 15.
Be2 O-O 16. O-O Rc8 17. Rfd1 Qe7 18. b4 Ne5 19. Nxe5 Bxe5 20. Rac1 Nd5 21. Nxd5
Bxd5 22. Qb3 Ba8 23. c5 bxc5 24. Rxc5 Bb8 25. a4 Rfd8 26. a5 Rxc5 27. Bxc5
Rxd1+ 28. Bxd1 Qg5 29. g3 Qf5 30. a6 Qxh3 31. Bf3 Bxg3 32. fxg3 Qxg3+ 33. Kf1
Bxf3 34. Qc4 Bg2+ 35. Ke2 Qf3+ 36. Kd2 Qd5+ 37. Qxd5 Bxd5 38. Kc3 Bc6 39. Kc4
Bd5+ 40. Kb5 h5 {Adjudicated} 1-0

[Event "Kent league"]
[Site "?"]
[Date "1978.05.17"]
[Round "?"]
[White "Stebbings, A."]
[Black "Pountney, I."]
[Result "1-0"]
[WhiteElo "2272"]
[BlackElo "1976"]
[PlyCount "71"]
[EventDate "1978.??.??"]

1. d4 Nf6 2. c4 e6 3. Nc3 Bb4 4. e3 c5 5. Nge2 cxd4 6. exd4 O-O 7. a3 Be7 8. d5
exd5 9. cxd5 d6 10. g3 Bf5 11. Bg2 Nbd7 12. O-O Nc5 13. h3 a5 14. Be3 Nfd7 15.
a4 Re8 16. Nd4 Bg6 17. h4 Ne5 18. Bh3 Nc4 19. Bc1 Bd3 20. Re1 Bf6 21. Rxe8+
Qxe8 22. Ndb5 Qe7 23. b3 Nb6 24. Ra2 Nxb3 25. Bf4 Bxc3 26. Qxd3 Qe1+ 27. Kh2
Nc5 28. Qxc3 Qe4 29. Bg2 Qb4 30. Qxb4 axb4 31. Bxd6 b3 32. Rb2 Nbxa4 33. Rb1
Re8 34. Bxc5 Nxc5 35. Nd4 Ra8 36. Nxb3 1-0

[Event "Essex league"]
[Site "?"]
[Date "1978.05.22"]
[Round "?"]
[White "Taylor, PF."]
[Black "Stebbings, A."]
[Result "1/2-1/2"]
[WhiteElo "2040"]
[BlackElo "2272"]
[PlyCount "35"]
[EventDate "1978.??.??"]

1. d4 Nf6 2. c4 g6 3. Nc3 d5 4. cxd5 Nxd5 5. g3 Bg7 6. Bg2 Nb6 7. Nf3 Nc6 8. e3
O-O 9. O-O e5 10. d5 Ne7 11. Ne1 c6 12. dxc6 Qxd1 13. Nxd1 Nxc6 14. Nd3 Rd8 15.
Nc5 Bf8 16. Nb3 Be6 17. Nc3 Rd7 18. Ne4 1/2-1/2

[Event "Essex league"]
[Site "?"]
[Date "1978.05.23"]
[Round "?"]
[White "Wagstaff, R."]
[Black "Stebbings, A."]
[Result "0-1"]
[WhiteElo "1888"]
[BlackElo "2272"]
[PlyCount "72"]
[EventDate "1978.??.??"]

1. d4 Nf6 2. c4 g6 3. Nc3 d5 4. Bf4 Bg7 5. e3 c5 6. Bxb8 Rxb8 7. cxd5 Nxd5 8.
Bb5+ Bd7 9. Qa4 Nxc3 10. Bxd7+ Qxd7 11. Qxd7+ Kxd7 12. bxc3 Rhc8 13. Kd2 cxd4
14. cxd4 e5 15. Ne2 exd4 16. exd4 Rc4 17. Kd3 Rbc8 18. Rac1 b5 19. Rxc4 Rxc4
20. Rc1 Rxc1 21. Nxc1 Kc6 22. Ne2 g5 23. f3 a5 24. Ke4 b4 25. g4 a4 26. Nc1 h6
27. Nd3 b3 28. axb3 axb3 29. Nb2 Bf8 30. Nc4 Kb5 31. Kd3 Kb4 32. Nb2 Ka3 33.
Nc4+ Ka2 34. d5 b2 35. Nxb2 Kxb2 36. Ke4 Kc3 0-1

[Event "Team match"]
[Site "Upminster"]
[Date "1978.09.18"]
[Round "?"]
[White "Stebbings, A."]
[Black "Hillyard, G."]
[Result "1/2-1/2"]
[WhiteElo "2272"]
[BlackElo "2288"]
[PlyCount "62"]
[EventDate "1978.??.??"]

1. c4 e6 2. Nc3 d5 3. d4 Be7 4. cxd5 exd5 5. Bf4 c6 6. e3 Bf5 7. Nge2 Nf6 8.
Ng3 Be6 9. Bd3 Bd6 10. Bxd6 Qxd6 11. Nf5 Bxf5 12. Bxf5 g6 13. Bd3 Nbd7 14. O-O
O-O 15. Rb1 Nh5 16. b4 a6 17. a4 f5 18. g3 Ndf6 19. b5 axb5 20. axb5 Ra3 21.
Qc2 Ng4 22. Ne2 Ngf6 23. bxc6 bxc6 24. Rb6 Qd7 25. Rc1 f4 26. exf4 Qh3 27. f3
Qe6 28. Qd2 Rc8 29. Kg2 Nd7 30. Rb7 Re8 31. Rc2 Nhf6 1/2-1/2

[Event "London league"]
[Site "?"]
[Date "1978.09.19"]
[Round "?"]
[White "Stebbings, A."]
[Black "Williams, D."]
[Result "1/2-1/2"]
[WhiteElo "2272"]
[BlackElo "2128"]
[PlyCount "73"]
[EventDate "1978.??.??"]

1. e4 e6 2. d4 d5 3. Nc3 Bb4 4. e5 Qd7 5. Qg4 f5 6. Qg3 b6 7. a3 Bxc3+ 8. Qxc3
Ba6 9. Bxa6 Nxa6 10. Qd3 Nb8 11. Ne2 Nc6 12. Be3 Na5 13. b3 h6 14. f4 Ne7 15.
O-O Rg8 16. Bd2 Nb7 17. Qa6 Nd8 18. a4 Nec6 19. a5 g6 20. axb6 cxb6 21. Kh1 Rc8
22. Qd3 a5 23. Qb5 Rb8 24. c4 Na7 25. Qxd7+ Kxd7 26. cxd5 exd5 27. b4 Nac6 28.
bxa5 bxa5 29. Bxa5 Rb2 30. Nc3 Ke6 31. Bxd8 Rxd8 32. Ra6 Rc8 33. Rc1 Kf7 34.
Rd1 Ne7 35. Ra3 g5 36. fxg5 hxg5 37. h3 1/2-1/2

[Event "Tournament: Chelmsford Open"]
[Site "?"]
[Date "1978.09.29"]
[Round "?"]
[White "Stebbings, A."]
[Black "Richards, T."]
[Result "1-0"]
[WhiteElo "2272"]
[BlackElo "1880"]
[PlyCount "57"]
[EventDate "1978.??.??"]

1. e4 c5 2. Nf3 Nc6 3. d4 cxd4 4. Nxd4 Nf6 5. Nc3 e5 6. Ndb5 d6 7. Bg5 a6 8.
Na3 b5 9. Nd5 Be7 10. Bxf6 Bxf6 11. c3 O-O 12. Nc2 Bg5 13. a4 Rb8 14. axb5 axb5
15. Be2 Be6 16. Bf3 Na5 17. Ncb4 Rc8 18. Qe2 Nb3 19. Rd1 Rc4 20. O-O f5 21.
exf5 Bxf5 22. Ne3 Rxb4 23. Nxf5 Rxf5 24. cxb4 Kh8 25. Be4 Rf6 26. Qxb5 Rh6 27.
Qd5 Nd4 28. Rxd4 exd4 29. Ra1 1-0

[Event "Tournament: Chelmsford Open"]
[Site "?"]
[Date "1978.09.30"]
[Round "?"]
[White "Peterson, T."]
[Black "Stebbings, A."]
[Result "1-0"]
[WhiteElo "2088"]
[BlackElo "2272"]
[PlyCount "41"]
[EventDate "1978.??.??"]

1. e4 c5 2. Nf3 e6 3. d4 cxd4 4. Nxd4 Nc6 5. Nc3 a6 6. Be2 Qc7 7. O-O Nf6 8.
Kh1 Bb4 9. Bg5 Bxc3 10. Bxf6 Bxb2 11. Bxg7 Bxd4 12. Bxd4 Nxd4 13. Qxd4 O-O 14.
e5 f6 15. exf6 d5 16. Bh5 b5 17. f7+ Rxf7 18. Bxf7+ Qxf7 19. Rae1 Qg7 20. Re5
Bd7 21. Rxd5 1-0

[Event "Tournament: Chelmsford Open"]
[Site "?"]
[Date "1978.09.30"]
[Round "?"]
[White "Stebbings, A."]
[Black "Gilliam, C."]
[Result "1/2-1/2"]
[WhiteElo "2272"]
[BlackElo "2056"]
[PlyCount "50"]
[EventDate "1978.??.??"]

1. e4 c5 2. Nf3 e6 3. d4 cxd4 4. Nxd4 a6 5. Nc3 Qc7 6. Bd3 b5 7. O-O Bb7 8. Qe2
Bc5 9. Nb3 Be7 10. f4 Nc6 11. Qg4 g6 12. e5 h5 13. Qe2 Nh6 14. Be3 Na5 15. Nxa5
Qxa5 16. Be4 Qc7 17. Qf3 Bxe4 18. Nxe4 Rc8 19. c3 Nf5 20. a4 Nh4 21. Qe2 Qc6
22. Bf2 Nf5 23. axb5 axb5 24. Rfd1 O-O 25. Ra5 Rb8 1/2-1/2

[Event "Tournament: Chelmsford Open"]
[Site "?"]
[Date "1978.10.01"]
[Round "?"]
[White "Robson, I."]
[Black "Stebbings, A."]
[Result "0-1"]
[WhiteElo "1848"]
[BlackElo "2272"]
[PlyCount "98"]
[EventDate "1978.??.??"]

1. e4 c5 2. d4 cxd4 3. c3 dxc3 4. Nxc3 d6 5. Bc4 e6 6. Nf3 Ne7 7. Qe2 Nbc6 8.
O-O a6 9. Bg5 h6 10. Bh4 g5 11. Bg3 Ng6 12. Rfd1 e5 13. h3 g4 14. hxg4 Bxg4 15.
Qe3 Bg7 16. Rd2 O-O 17. Rad1 Nd4 18. Ne2 Qb6 19. Nexd4 exd4 20. Qa3 Ne5 21. Bd5
Rad8 22. Re1 Nxf3+ 23. gxf3 Be6 24. Qb3 Qxb3 25. Bxb3 Rfe8 26. f4 Bxb3 27. axb3
Rc8 28. f3 Rc5 29. Bf2 Rb5 30. Rd3 Rc8 31. Re2 Rc6 32. Kg2 Rcb6 33. Bxd4 Rxb3
34. Rxb3 Rxb3 35. e5 a5 36. Rc2 dxe5 37. fxe5 a4 38. Rc8+ Kh7 39. Ra8 b5 40. e6
Bxd4 41. e7 Re3 42. e8=Q Rxe8 43. Rxe8 Bxb2 44. Rb8 a3 45. Rxb5 a2 46. Ra5 a1=Q
47. Rxa1 Bxa1 48. Kg3 Kg6 49. Kg4 h5+ 0-1

[Event "Tournament: Chelmsford Open"]
[Site "?"]
[Date "1978.10.01"]
[Round "?"]
[White "Warren, K."]
[Black "Stebbings, A."]
[Result "0-1"]
[WhiteElo "1952"]
[BlackElo "2272"]
[PlyCount "48"]
[EventDate "1978.??.??"]

1. d4 Nf6 2. Nf3 g6 3. Nc3 d5 4. Bf4 Bg7 5. e3 b6 6. Be2 O-O 7. O-O Nbd7 8. Ne5
Bb7 9. g4 c5 10. g5 Ne8 11. Bf3 Nxe5 12. Bxe5 Bxe5 13. dxe5 e6 14. h4 h6 15.
Bg4 hxg5 16. h5 d4 17. hxg6 dxc3 18. gxf7+ Kxf7 19. Qe2 Qd5 20. f3 Qxe5 21. f4
gxf4 22. Rxf4+ Ke7 23. Raf1 Rxf4 24. Rxf4 cxb2 0-1

[Event "County match"]
[Site "?"]
[Date "1978.10.07"]
[Round "?"]
[White "Stebbings, A."]
[Black "Wood, J."]
[Result "1/2-1/2"]
[WhiteElo "2272"]
[BlackElo "2040"]
[PlyCount "45"]
[EventDate "1978.??.??"]

1. d4 Nf6 2. c4 e6 3. Nc3 Bb4 4. e3 O-O 5. Nge2 d5 6. a3 Be7 7. cxd5 exd5 8.
Nf4 c6 9. Bd3 Nbd7 10. O-O Re8 11. b4 b5 12. e4 dxe4 13. Nxe4 Nxe4 14. Bxe4 Bb7
15. Bb2 Bd6 16. Qf3 Nf6 17. Bd3 Qc7 18. Nh5 Nxh5 19. Qxh5 g6 20. Qh6 Rad8 21.
Rfe1 Rxe1+ 22. Rxe1 Bf8 23. Qh4 1/2-1/2